Online
Catalog

Para entender la sociedad del conocimiento de Peter Drucker. / (Record no. 27760)

MARC details
000 -CABECERA
campo de control de longitud fija 00680nam a2200193 a 4500
001 - NÚMERO DE CONTROL
campo de control 000028268
005 - FECHA Y HORA DE LA ÚLTIMA TRANSACCIÓN
campo de control 20200930031507.0
008 - DATOS DE LONGITUD FIJA--INFORMACIÓN GENERAL
campo de control de longitud fija 110407s2005 dr 000 0 spa d
020 ## - NÚMERO INTERNACIONAL ESTÁNDAR DEL LIBRO
Número Internacional Estándar del Libro 9993481211
040 ## - FUENTE DE LA CATALOGACIÓN
Centro catalogador/agencia de origen DO-SdBNP
Lengua de catalogación spa
Centro/agencia transcriptor BNPHU
100 1# - ENTRADA PRINCIPAL--NOMBRE DE PERSONA
Nombre de persona Suárez, Mario
9 (RLIN) 1043
245 10 - MENCIÓN DE TÍTULO
Título Para entender la sociedad del conocimiento de Peter Drucker. /
Mención de responsabilidad, etc. Mario Suárez ; presentación Dennis R. Simó.
260 ## - PUBLICACIÓN, DISTRIBUCIÓN, ETC.
Lugar de publicación, distribución, etc. Santo Domingo, :
Nombre del editor, distribuidor, etc. UNAPEC,
Fecha de publicación, distribución, etc. 2005.
300 ## - DESCRIPCIÓN FÍSICA
Extensión 35 P. ;
Dimensiones 22 cm.
490 1# - MENCIÓN DE SERIE
Mención de serie UNAPEC por un mundo mejor.
-- Serie ensayos ;
Designación de volumen o secuencia 1 ;
590 ## - NOTA LOCAL (RLIN)
Nota local Inventariado, 2019/ YL
700 1# - PUNTO DE ACCESO ADICIONAL--NOMBRE DE PERSONA
Nombre de persona Simó, Dennis R.
9 (RLIN) 14023
830 #0 - PUNTO DE ACCESO ADICIONAL DE SERIE-TÍTULO UNIFORME
Título uniforme UNAPEC por un mundo mejor.
Nombre de parte o sección de la obra Serie ensayos
Designación de volumen o secuencia 1
9 (RLIN) 55267
Holdings
Estado de retiro Estado de pérdida No para préstamo Código de colección Localización permanente Ubicación/localización actual Ubicación en estantería Fecha de adquisición Número de inventario Total de préstamos Signatura topográfica completa Código de barras Fecha visto por última vez Número de copia Precio válido a partir de Tipo de ítem Koha
    Excluido de préstamo Dominicana de Servicio General General En catalogación 07.04.2011 LF1   28268-30 25.06.2020 e. 3 25.06.2020 Libro y Folleto Colección Dominicana de Servicio
    Excluido de préstamo Dominicana de Servicio General General En catalogación 07.04.2011 LF1   28268-40 25.06.2020 e. 4 25.06.2020 Libro y Folleto Colección Dominicana de Servicio
    Excluido de préstamo Patrimonio Dominicano Patrimonio Dominicano Patrimonio Dominicano En catalogación 07.04.2011 LF1   28268-10 25.06.2020   25.06.2020 Libro y Folleto Colección Patrimonio Dominicano
    Excluido de préstamo Patrimonio Dominicano Patrimonio Dominicano Patrimonio Dominicano En catalogación 07.04.2011 LF1   28268-20 25.06.2020 e. 2 25.06.2020 Libro y Folleto Colección Patrimonio Dominicano

Powered by Koha